01496cam a2200265 a 450000100100000000500170001000800410002702000150006804000250008308200210010811101060012924501170023526001240035230000280047649001180050450400730062265000600069565000720075565000570082765000690088465000490095365000590100270000480106183001210110900001127920200929162416.0050919s2004 sp a b 000 0 spa d a8400082257 aDO-SdBNPbspacBNPHU a614.42468bC977u2 aCurso de Veranod(2004cUniversidad Internacional de Andalucía. Sede Iberoamericana de La Rábida)10aEnfermedad y muerte en América y Andalucía, siglos XVI-XX /cJosé Jesús Hernández Palomo, coordinador. aSevilla, España :bConsejo Superior de Investigaciones Científicas;bEscuela de Estudios Hispano-Americanos,c2004. a546 p. :bil. ;c24 cm.1 aPublicaciones del Consejo Superior de Investigaciones Científicas.aEscuela de Estudios Hispano-Americanosv432 aIncluye referencias bibliográficas y notas al pie de las páginas 4aEnfermedadeszAmérica LatinaxHistoriaySIGLOS XVI-XX 4aEnfermedadeszAndalucía (España{Rpara}xHistoriaySIGLOS XVI-XX 4aEpidemiaszAmérica LatinaxHistoriaySIGLOS XVI-XX 4aEpidemiaszAndalucía (España{Rpara}xHistoriaySIGLOS XVI-XX 4aMortalidadzEspañaxHistoriaySIGLO XVI-XX 4aAmérica latinazAndalucíaxHistoriaySIGLOS XVI-XX12aHernández Palomo, José Jesús,ecoord. 0aPublicaciones del Consejo Superior de Investigaciones Científicas.pEscuela de Estudios Hispano-Americanos ;n432.